Pakistan : (Record no. 14372)
[ view plain ]
| 000 -LEADER | |
|---|---|
| fixed length control field | 01566nam a2200277 a 4500 |
| 001 - CONTROL NUMBER | |
| control field | ASIN0745332064 |
| 005 - DATE AND TIME OF LATEST TRANSACTION | |
| control field | 20170105102853.0 |
| 008 - FIXED-LENGTH DATA ELEMENTS--GENERAL INFORMATION | |
| fixed length control field | 130822s2012 xxu eng d |
| 020 ## - INTERNATIONAL STANDARD BOOK NUMBER | |
| International Standard Book Number | 0745332064 (paperback) |
| Terms of availability | $33.00 |
| 020 ## - INTERNATIONAL STANDARD BOOK NUMBER | |
| International Standard Book Number | 9780745332062 (paperback) |
| 040 ## - CATALOGING SOURCE | |
| Original cataloging agency | 0 |
| 050 04 - LIBRARY OF CONGRESS CALL NUMBER | |
| Classification number | DS383.5.U6 |
| 082 04 - DEWEY DECIMAL CLASSIFICATION NUMBER | |
| Classification number | 320.12 |
| 245 10 - TITLE STATEMENT | |
| Title | Pakistan : |
| Remainder of title | the us, geopolitics and grand strategies / |
| Statement of responsibility, etc. | Usama Butt, Julian Schofield. |
| 260 ## - PUBLICATION, DISTRIBUTION, ETC. | |
| Place of publication, distribution, etc. | [S.l.] : |
| Name of publisher, distributor, etc. | Pluto Press, |
| Date of publication, distribution, etc. | 2012. |
| 300 ## - PHYSICAL DESCRIPTION | |
| Extent | 288 p. ; |
| Dimensions | 22 cm. |
| 520 ## - SUMMARY, ETC. | |
| Summary, etc. | The killing of Osama bin Laden highlighted the tense relationship between the US and Pakistani governments. This book considers the evolving nature of this relationship and Pakistan's place within the global order. Whereas standard accounts focus on the US-Pakistan relationship in isolation, Pakistan: The US, Geopolitics and Grand Strategies provides a broader geopolitical perspective. It analyzes Pakistan's relations with the US after a decade of the War on Terror as well as Pakistan's regional relations, which provides the reader with a complete understanding of Pakistan's interests. Contributions from experts in both Pakistan and the West mean that this book will be vital reading for anyone seeking to understand this troubled nation. |
| 650 #0 - SUBJECT ADDED ENTRY--TOPICAL TERM | |
| Topical term or geographic name entry element | Geopolitics |
| 650 #0 - SUBJECT ADDED ENTRY--TOPICAL TERM | |
| Topical term or geographic name entry element | International relations |
| 650 #0 - SUBJECT ADDED ENTRY--TOPICAL TERM | |
| Topical term or geographic name entry element | Pakistan |
| 650 #0 - SUBJECT ADDED ENTRY--TOPICAL TERM | |
| Topical term or geographic name entry element | United States |
| 700 1# - ADDED ENTRY--PERSONAL NAME | |
| Personal name | Butt, Usama. |
| 700 1# - ADDED ENTRY--PERSONAL NAME | |
| Personal name | Schofield, Julian. |
| 856 40 - ELECTRONIC LOCATION AND ACCESS | |
| Materials specified | Amazon.com |
| Uniform Resource Identifier | <a href="http://www.amazon.com/exec/obidos/ASIN/0745332064/chopaconline-20">http://www.amazon.com/exec/obidos/ASIN/0745332064/chopaconline-20</a> |
| 942 ## - ADDED ENTRY ELEMENTS (KOHA) | |
| Source of classification or shelving scheme | |
| Koha item type | Book |
| Withdrawn status | Lost status | Damaged status | Not for loan | Collection code | Permanent Location | Current Location | Shelving location | Date acquired | Total Checkouts | Full call number | Barcode | Date last seen | Date last checked out | Price effective from | Koha item type |
|---|---|---|---|---|---|---|---|---|---|---|---|---|---|---|---|
| Centre for International Peace & Stability (CIPS) | Centre for International Peace & Stability (CIPS) | General Stacks | 08/05/2013 | 1 | 320.12 PAK 2012 | CIPS0000536 | 04/11/2025 | 03/26/2025 | 08/22/2013 | Book |
